Les 10 pays avec le plus de LGBT - Statistiques

Statistiques générales
  • Ce quiz a été pris 1 674 fois
  • Le résultat moyen est 6 sur 10
Statistiques - réponses
Pays % Correct
Canada
89%
Espagne
86%
Australie
83%
Royaume-Uni
75%
Belgique
69%
Portugal
69%
Suede
65%
Pays-Bas
60%
Uruguay
24%
Malte
23%
Aucun quiz correspondant
Distribution des résultats
% des personnes avec chaque résultat
Percentile par nombre de réponses
Votre historique - résultats
Vous n’avez pas pris ce quiz